00672nam a22001697a 4500003000900000008004100009040007100050082001800121100002100139245009400160260003600254300002800290505013300318650001300451650001300464650002500477AR-CdUCM190529b ||||| |||| 00| 0 spa d aMUNICIPALIDAD PROVINCIAL DEL CUSCOcBIBLIOTECA MUNICIPAL DEL CUSCO a510.51 /bB36 aBellman, Richard aIntroducción al análisis matricial :bUn estudio de la moderna teoría de matrices / aNueva York :bReverté,c1965. a362 páginas ;c23 cm. aContenido: Máximos y mínimos -- Vectores y matrices -- Diagonalización y formas canónicas para matrices simétricas... aMatrices aVectores aAnálisis matricial